Statistiken für Top-10-Singles von Robbie Williams

Klicken Sie hier um das Quiz zu spielen!

Allgemein

  • Dieses Quiz wurde 55 mal gespielt
  • Das Durchschnittsergebnis liegt bei 5 aus 15

Antwortstatistiken

ErscheinungsjahrTitel% Korrekt
1997Angels
88%
2002Feel
70%
2000Rock DJ
58%
2012Candy
46%
2001Somethin' Stupid
38%
2006Rudebox
34%
2009Bodies
32%
2001Eternity / The Road to Mandalay
28%
2005Tripping
24%
2005Advertising Space
22%
1996Freedom
22%
2004Radio
18%
2007She's Madonna
18%
2014The Days (feat. Avicii)
2%
2004Do They Know It's Christmas?
0%

Verteilung der Resultate

Perzentil nach korrekt beantworteten Fragen

Anzahl Personen mit jedem Resultat

Ihre Resultats-Entwicklung

Sie haben dieses Quiz noch nicht gespielt